<?xml version="1.0" encoding="UTF-8"?>
<record
    xmlns:xsi="http://www.w3.org/2001/XMLSchema-instance"
    xsi:schemaLocation="http://www.loc.gov/MARC21/slim http://www.loc.gov/standards/marcxml/schema/MARC21slim.xsd"
    xmlns="http://www.loc.gov/MARC21/slim">

  <leader>00459nam a22001697a 4500</leader>
  <controlfield tag="003">SGT</controlfield>
  <datafield tag="020" ind1=" " ind2=" ">
    <subfield code="a">9789386896421</subfield>
  </datafield>
  <datafield tag="082" ind1=" " ind2=" ">
    <subfield code="a">610.734</subfield>
    <subfield code="b">C24S</subfield>
  </datafield>
  <datafield tag="100" ind1=" " ind2=" ">
    <subfield code="a">SAXENA, R.P.</subfield>
  </datafield>
  <datafield tag="245" ind1=" " ind2=" ">
    <subfield code="a">TB. OF COMMUNITY HEALTH NURSING -II FOR BSC. NURSING STUDENTS</subfield>
  </datafield>
  <datafield tag="250" ind1=" " ind2=" ">
    <subfield code="a">3RD</subfield>
  </datafield>
  <datafield tag="260" ind1=" " ind2=" ">
    <subfield code="a">INDIA </subfield>
    <subfield code="b">LOTUS PUB </subfield>
    <subfield code="c">2024</subfield>
  </datafield>
  <datafield tag="300" ind1=" " ind2=" ">
    <subfield code="a">663</subfield>
  </datafield>
  <datafield tag="650" ind1=" " ind2=" ">
    <subfield code="a">COMMUNITY HEALTH NURSING</subfield>
  </datafield>
  <datafield tag="653" ind1=" " ind2=" ">
    <subfield code="a">COMMUNITY HEALTH NURSING -II FOR BSC. NURSING STUDENTS</subfield>
  </datafield>
  <datafield tag="942" ind1=" " ind2=" ">
    <subfield code="2">ddc</subfield>
    <subfield code="c">BK</subfield>
    <subfield code="0">17</subfield>
  </datafield>
  <datafield tag="952" ind1=" " ind2=" ">
    <subfield code="0">0</subfield>
    <subfield code="1">0</subfield>
    <subfield code="2">ddc</subfield>
    <subfield code="4">0</subfield>
    <subfield code="7">1</subfield>
    <subfield code="8">NURSING</subfield>
    <subfield code="a">FM</subfield>
    <subfield code="b">FM</subfield>
    <subfield code="c">REF</subfield>
    <subfield code="d">2024-10-01</subfield>
    <subfield code="e">ABC DELHI</subfield>
    <subfield code="g">690.00</subfield>
    <subfield code="i">SGTU</subfield>
    <subfield code="l">1</subfield>
    <subfield code="o">610.734 C24S</subfield>
    <subfield code="p">FN5931</subfield>
    <subfield code="r">2025-01-20 00:00:00</subfield>
    <subfield code="s">2025-01-17</subfield>
    <subfield code="w">2024-10-01</subfield>
    <subfield code="y">BK</subfield>
    <subfield code="k">19614</subfield>
  </datafield>
  <datafield tag="952" ind1=" " ind2=" ">
    <subfield code="0">0</subfield>
    <subfield code="1">0</subfield>
    <subfield code="2">ddc</subfield>
    <subfield code="4">0</subfield>
    <subfield code="7">0</subfield>
    <subfield code="8">NURSING</subfield>
    <subfield code="a">FM</subfield>
    <subfield code="b">FM</subfield>
    <subfield code="c">TXT</subfield>
    <subfield code="d">2024-10-01</subfield>
    <subfield code="e">ABC DELHI</subfield>
    <subfield code="g">690.00</subfield>
    <subfield code="i">SGTU</subfield>
    <subfield code="l">14</subfield>
    <subfield code="m">1</subfield>
    <subfield code="o">610.734 C24S</subfield>
    <subfield code="p">FN5932</subfield>
    <subfield code="r">2026-01-13 00:00:00</subfield>
    <subfield code="s">2025-12-23</subfield>
    <subfield code="w">2024-10-01</subfield>
    <subfield code="y">BK</subfield>
    <subfield code="k">19614</subfield>
  </datafield>
  <datafield tag="952" ind1=" " ind2=" ">
    <subfield code="0">0</subfield>
    <subfield code="1">0</subfield>
    <subfield code="2">ddc</subfield>
    <subfield code="4">0</subfield>
    <subfield code="7">0</subfield>
    <subfield code="8">NURSING</subfield>
    <subfield code="a">FM</subfield>
    <subfield code="b">FM</subfield>
    <subfield code="c">TXT</subfield>
    <subfield code="d">2024-10-01</subfield>
    <subfield code="e">ABC DELHI</subfield>
    <subfield code="g">690.00</subfield>
    <subfield code="i">SGTU</subfield>
    <subfield code="l">15</subfield>
    <subfield code="o">610.734 C24S</subfield>
    <subfield code="p">FN5933</subfield>
    <subfield code="r">2026-01-07 00:00:00</subfield>
    <subfield code="s">2025-12-24</subfield>
    <subfield code="w">2024-10-01</subfield>
    <subfield code="y">BK</subfield>
    <subfield code="k">19614</subfield>
  </datafield>
  <datafield tag="952" ind1=" " ind2=" ">
    <subfield code="0">0</subfield>
    <subfield code="1">0</subfield>
    <subfield code="2">ddc</subfield>
    <subfield code="4">0</subfield>
    <subfield code="7">0</subfield>
    <subfield code="8">NURSING</subfield>
    <subfield code="a">FM</subfield>
    <subfield code="b">FM</subfield>
    <subfield code="c">TXT</subfield>
    <subfield code="d">2024-10-01</subfield>
    <subfield code="e">ABC DELHI</subfield>
    <subfield code="g">690.00</subfield>
    <subfield code="i">SGTU</subfield>
    <subfield code="l">10</subfield>
    <subfield code="o">610.734 C24S</subfield>
    <subfield code="p">FN5934</subfield>
    <subfield code="r">2026-01-08 00:00:00</subfield>
    <subfield code="s">2025-12-27</subfield>
    <subfield code="w">2024-10-01</subfield>
    <subfield code="y">BK</subfield>
    <subfield code="k">19614</subfield>
  </datafield>
  <datafield tag="952" ind1=" " ind2=" ">
    <subfield code="0">0</subfield>
    <subfield code="1">0</subfield>
    <subfield code="2">ddc</subfield>
    <subfield code="4">0</subfield>
    <subfield code="7">0</subfield>
    <subfield code="8">NURSING</subfield>
    <subfield code="a">FM</subfield>
    <subfield code="b">FM</subfield>
    <subfield code="c">TXT</subfield>
    <subfield code="d">2024-10-01</subfield>
    <subfield code="e">ABC DELHI</subfield>
    <subfield code="g">690.00</subfield>
    <subfield code="i">SGTU</subfield>
    <subfield code="l">20</subfield>
    <subfield code="o">610.734 C24S</subfield>
    <subfield code="p">FN5935</subfield>
    <subfield code="r">2026-01-07 00:00:00</subfield>
    <subfield code="s">2025-12-24</subfield>
    <subfield code="w">2024-10-01</subfield>
    <subfield code="y">BK</subfield>
    <subfield code="k">19614</subfield>
  </datafield>
  <datafield tag="999" ind1=" " ind2=" ">
    <subfield code="c">27680</subfield>
    <subfield code="d">27680</subfield>
  </datafield>
</record>
